[Event "III Festival A"]
[Site "Ortisei - Sankt Ulrich in Groeden ITA"]
[Date "2016.06.08"]
[Round "6"]
[White "Bjerre, Jonas"]
[Black "Dittmar, Peter"]
[WhiteElo "2410"]
[BlackElo "2258"]
[Result "0-1"]
[PlyCount "68"]
[EventDate "2016.06.04"]

1. e4 e6 2. d4 d5 3. Nd2 c5 4. exd5 exd5 5. Ngf3 a6 6. dxc5 Bxc5 7. Nb3 Ba7 8.
Be2 Nc6 9. Bg5 Nge7 10. O-O O-O 11. Nfd4 Qd6 12. c3 Nf5 13. Nxc6 bxc6 14. Qd2
h6 15. Bf4 Qf6 16. Rad1 Re8 17. Bd3 g5 18. Bc7 Nh4 19. Rfe1 Bf5 20. Bxf5 Nxf5
21. Re2 Rac8 22. Ba5 Nd6 23. Bb4 Ne4 24. Qc2 Re5 25. Rf1 Rce8 26. Nc1 c5 27.
Ba5 c4 28. Bc7 Rf5 29. g3 Rc8 30. Ba5 g4 31. Kg2 Rh5 32. Rxe4 Qf3+ 33. Kg1 dxe4
34. Bb4 e3 0-1

[Event "III Festival A"]
[Site "Ortisei - Sankt Ulrich in Groeden ITA"]
[Date "2016.06.08"]
[Round "6"]
[White "Boehm, Martin"]
[Black "Bertagnolli, Alexander"]
[WhiteElo "2234"]
[BlackElo "2376"]
[Result "1/2-1/2"]
[PlyCount "39"]
[EventDate "2016.06.04"]

1. d4 Nf6 2. Bg5 e6 3. e3 b6 4. Nf3 Bb7 5. Nbd2 h6 6. Bh4 Be7 7. c3 Ne4 8. Bxe7
Qxe7 9. Bd3 Nxd2 10. Qxd2 d6 11. O-O-O Nd7 12. Qe2 O-O-O 13. Ba6 Nb8 14. Bxb7+
Kxb7 15. e4 c6 16. h4 d5 17. exd5 cxd5 18. Ne5 Nd7 19. h5 Rhe8 20. Rh3 1/2-1/2

[Event "III Festival A"]
[Site "Ortisei - Sankt Ulrich in Groeden ITA"]
[Date "2016.06.08"]
[Round "6"]
[White "Bogner, Sebastian"]
[Black "Codenotti, Marco"]
[WhiteElo "2527"]
[BlackElo "2451"]
[Result "1-0"]
[PlyCount "81"]
[EventDate "2016.06.04"]

1. d4 d5 2. c4 c6 3. Nf3 Nf6 4. Nc3 dxc4 5. a4 Bf5 6. Ne5 e6 7. e3 Bb4 8. Bxc4
Nbd7 9. Nxd7 Qxd7 10. O-O O-O 11. Qe2 Bg6 12. Rd1 Qe7 13. e4 Bxc3 14. bxc3 Nxe4
15. Ba3 c5 16. Rac1 b6 17. f3 Nf6 18. dxc5 bxc5 19. Qe5 Rac8 20. a5 h6 21. Rd2
Qc7 22. Qxc7 Rxc7 23. Rcd1 e5 24. Kf2 e4 25. Bb5 Bf5 26. Rd6 Kh7 27. a6 Rb8 28.
c4 Be6 29. R1d2 Rcc8 30. Bb2 exf3 31. gxf3 Ne8 32. Rxe6 fxe6 33. Be5 Rd8 34.
Bxb8 Rxd2+ 35. Ke1 Rd8 36. Bxa7 Rc8 37. Bb6 Nc7 38. Bd7 Ra8 39. a7 Kg6 40. Bc6
Kf7 41. Bxc5 1-0

[Event "III Festival A"]
[Site "Ortisei - Sankt Ulrich in Groeden ITA"]
[Date "2016.06.08"]
[Round "6"]
[White "Castellanos Rodriguez, Renier"]
[Black "Martinez, Ayelen"]
[WhiteElo "2484"]
[BlackElo "2146"]
[Result "1-0"]
[PlyCount "59"]
[EventDate "2016.06.04"]

1. Nf3 c5 2. c4 Nc6 3. d4 cxd4 4. Nxd4 e5 5. Nc2 Bc5 6. Nc3 Nf6 7. g3 Qb6 8. e3
d6 9. Bg2 Bg4 10. Qd2 O-O 11. O-O e4 12. Nxe4 Nxe4 13. Bxe4 Rae8 14. Bd5 a5 15.
b3 Ne5 16. Kg2 Qd8 17. h3 Bd7 18. Bb2 Re6 19. Nd4 Rh6 20. Rh1 Rg6 21. Ne2 b5
22. Nf4 Rh6 23. cxb5 g5 24. Nd3 Qc8 25. Bxe5 Bxh3+ 26. Kg1 dxe5 27. Rc1 Rd8 28.
Rxc5 Qf5 29. e4 Qg4 30. Nxe5 1-0

[Event "III Festival A"]
[Site "Ortisei - Sankt Ulrich in Groeden ITA"]
[Date "2016.06.08"]
[Round "6"]
[White "Gueci, Tea"]
[Black "Spornberger, Maximilian"]
[WhiteElo "2177"]
[BlackElo "2306"]
[Result "0-1"]
[PlyCount "84"]
[EventDate "2016.06.04"]

1. e4 e6 2. d4 d5 3. Nd2 Be7 4. c3 c5 5. dxc5 Bxc5 6. Nb3 Bb6 7. exd5 exd5 8.
Nf3 Nf6 9. Bb5+ Nc6 10. O-O O-O 11. Bg5 a6 12. Be2 Re8 13. Nfd4 Qd6 14. Bf3 Ne4
15. Re1 f5 16. g3 Ne5 17. Bf4 Nxf3+ 18. Qxf3 Qf6 19. h4 h6 20. Kg2 Bd7 21. Rad1
Rf8 22. h5 Qf7 23. Nc1 Ba4 24. b3 Be8 25. Rh1 Rc8 26. Nce2 Kh7 27. a4 Qf6 28.
Qd3 Nxc3 29. Nxc3 Qxd4 30. Qxd4 Bxd4 31. Nxd5 Ba7 32. f3 Bf7 33. Rd2 Rfe8 34.
b4 Rc4 35. Bd6 Rd8 36. Ne7 Bb8 37. Nxf5 Be6 38. Ne3 Rc3 39. Nd1 Rxd6 40. Rxd6
Rc2+ 41. Nf2 Bxd6 42. Re1 Bf7 0-1

[Event "III Festival A"]
[Site "Ortisei - Sankt Ulrich in Groeden ITA"]
[Date "2016.06.08"]
[Round "6"]
[White "Herzog, Adolf"]
[Black "Zucchelli, Massimo"]
[WhiteElo "2358"]
[BlackElo "2145"]
[Result "1-0"]
[PlyCount "64"]
[EventDate "2016.06.04"]

1. e4 e6 2. d3 c5 3. Nd2 Nc6 4. g3 g6 5. Bg2 Bg7 6. Ngf3 Nge7 7. O-O O-O 8. c3
d6 9. Re1 Rb8 10. a4 a6 11. Nf1 e5 12. Nh4 b5 13. axb5 axb5 14. Ne3 b4 15. Ng4
h5 16. Ne3 Be6 17. Nd5 Bg4 18. f3 Be6 19. c4 Bxd5 20. exd5 Nd4 21. Be3 Nef5 22.
Nxf5 Nxf5 23. Bf2 Ra8 24. Bh3 Qf6 25. Kg2 Bh6 26. Ra4 Rxa4 27. Qxa4 Kg7 28. Re4
Kh7 29. Qa6 Rd8 30. Bxc5 Qg5 31. Bf2 Qd2 32. Qa7 Rf8 1-0

[Event "III Festival A"]
[Site "Ortisei - Sankt Ulrich in Groeden ITA"]
[Date "2016.06.08"]
[Round "6"]
[White "Kristensen, Kaare Hove"]
[Black "Ledger, Andrew J"]
[WhiteElo "2367"]
[BlackElo "2380"]
[Result "1-0"]
[PlyCount "85"]
[EventDate "2016.06.04"]

1. e4 e5 2. Nf3 Nc6 3. d4 exd4 4. Nxd4 Nf6 5. Nxc6 bxc6 6. e5 Qe7 7. Qe2 Nd5 8.
c4 Nb6 9. Nc3 Ba6 10. b3 O-O-O 11. Bb2 Re8 12. f4 f6 13. O-O-O fxe5 14. Qxe5
Qxe5 15. fxe5 Rxe5 16. Bd3 Re3 17. Ne4 d5 18. Ng5 Be7 19. Bf5+ Kb8 20. Nxh7
dxc4 21. Bxg7 Rg8 22. Bd4 Re2 23. g4 Nd5 24. Rd2 Rxd2 25. Kxd2 Rd8 26. Kc1 Nb4
27. Bf6 Nxa2+ 28. Kb1 Bxf6 29. Nxf6 cxb3 30. Nd7+ Ka8 31. Re1 Bc4 32. Kb2 a5
33. h4 Nb4 34. h5 Bd3 35. Nc5 Bxf5 36. gxf5 Rd5 37. f6 Rf5 38. h6 a4 39. h7
Rxc5 40. h8=Q+ Kb7 41. f7 Rc2+ 42. Ka3 Nd5 43. Kxa4 1-0

[Event "III Festival A"]
[Site "Ortisei - Sankt Ulrich in Groeden ITA"]
[Date "2016.06.08"]
[Round "6"]
[White "Krulich, Roman"]
[Black "Gaehwiler, Gabriel"]
[WhiteElo "2215"]
[BlackElo "2363"]
[Result "0-1"]
[PlyCount "48"]
[EventDate "2016.06.04"]

1. e4 c5 2. c3 g6 3. d4 cxd4 4. cxd4 d5 5. Nc3 dxe4 6. Bc4 Nf6 7. Qb3 e6 8. d5
exd5 9. Nxd5 Bg7 10. Bg5 O-O 11. Rd1 Nbd7 12. Ne2 h6 13. Nxf6+ Bxf6 14. Bxh6
Qa5+ 15. Bd2 Qb6 16. Bb4 Nc5 17. Qa3 Nd3+ 18. Rxd3 exd3 19. Bxf8 dxe2 20. Bxe2
Bxb2 21. Qb4 Be6 22. Qxb6 Bc3+ 23. Kd1 axb6 24. Bh6 Rxa2 0-1

[Event "III Festival A"]
[Site "Ortisei - Sankt Ulrich in Groeden ITA"]
[Date "2016.06.08"]
[Round "6"]
[White "Lodici, Lorenzo"]
[Black "Engl, Stefan"]
[WhiteElo "2379"]
[BlackElo "1964"]
[Result "1/2-1/2"]
[PlyCount "65"]
[EventDate "2016.06.04"]

1. d4 e6 2. c4 f5 3. Nc3 Nf6 4. Qc2 Bb4 5. e3 c5 6. Bd3 Nc6 7. Nge2 b6 8. O-O
cxd4 9. exd4 O-O 10. f3 Bd6 11. a3 Bb7 12. b4 Rc8 13. Qb3 Nh5 14. g3 Qf6 15.
Be3 f4 16. Ne4 Qe7 17. Bf2 fxg3 18. hxg3 Bb8 19. f4 Qe8 20. Be3 Ne7 21. g4 Nf6
22. Nxf6+ gxf6 23. Ng3 f5 24. g5 h6 25. gxh6 Kh8 26. Ne2 Qh5 27. d5 Rg8+ 28.
Kf2 Qh4+ 29. Kf3 Qh3+ 30. Kf2 Rg2+ 31. Ke1 Qxe3 32. Qc3+ Kh7 33. Qf6 1/2-1/2

[Event "III Festival A"]
[Site "Ortisei - Sankt Ulrich in Groeden ITA"]
[Date "2016.06.08"]
[Round "6"]
[White "Markus, Robert"]
[Black "Sprenger, Jan Michael"]
[WhiteElo "2662"]
[BlackElo "2506"]
[Result "1-0"]
[PlyCount "97"]
[EventDate "2016.06.04"]

1. d4 d5 2. c4 dxc4 3. Nf3 Nf6 4. Qa4+ Nbd7 5. Nc3 e6 6. e4 c5 7. d5 exd5 8. e5
d4 9. exf6 dxc3 10. Bxc4 Qxf6 11. Bg5 Qc6 12. O-O-O Be7 13. Qxc6 bxc6 14. Bxe7
cxb2+ 15. Kxb2 Kxe7 16. Rhe1+ Kd8 17. Ne5 Rf8 18. Nxf7+ Kc7 19. Re7 Kb6 20.
Rdxd7 Bxd7 21. Rxd7 Rac8 22. Rd2 Rce8 23. f3 Re1 24. Ng5 Ka5 25. Bb3 Rb8 26.
Rc2 c4 27. Rxc4 Re2+ 28. Rc2 Rxc2+ 29. Kxc2 Kb4 30. Kb2 c5 31. a3+ Kb5 32. Kc3
h6 33. Ne4 Rd8 34. h4 Rd4 35. h5 Kc6 36. g4 Kb5 37. Nd2 Rf4 38. Bc2 Rd4 39. a4+
Kc6 40. Nc4 Kd5 41. Be4+ Ke6 42. a5 Rd1 43. a6 Ra1 44. Bb7 Rc1+ 45. Kd3 Rd1+
46. Kc2 Ra1 47. Ne3 Ra3 48. Nf5 Kf6 49. Nd6 1-0

[Event "III Festival A"]
[Site "Ortisei - Sankt Ulrich in Groeden ITA"]
[Date "2016.06.08"]
[Round "6"]
[White "Molina, Fabrizio"]
[Black "Haag, Martin"]
[WhiteElo "2222"]
[BlackElo "2308"]
[Result "1/2-1/2"]
[PlyCount "75"]
[EventDate "2016.06.04"]

1. d4 d5 2. Bf4 e6 3. Nf3 Bd6 4. Bg3 Nf6 5. e3 O-O 6. Nbd2 c5 7. c3 Nc6 8. Bd3
b6 9. Ne5 Bb7 10. f4 Ne7 11. Bh4 Ne4 12. Qc2 f6 13. Bxe4 dxe4 14. Nec4 Nf5 15.
Nxe4 Bxf4 16. exf4 cxd4 17. O-O-O Qc7 18. Ned6 Nxh4 19. Rxd4 Bxg2 20. Rhd1 Bh3
21. Qe2 Ng6 22. Qf3 e5 23. Qd5+ Kh8 24. fxe5 fxe5 25. Nxe5 Nxe5 26. Qxe5 Bf5
27. Qd5 Bg6 28. h4 Qc5 29. Qxc5 bxc5 30. Rd5 h5 31. Rxc5 Kh7 32. Rcd5 Rf2 33.
R5d2 Raf8 34. Rxf2 Rxf2 35. Rd2 Rf1+ 36. Rd1 Rf4 37. Rd4 Rf1+ 38. Rd1 1/2-1/2

[Event "III Festival A"]
[Site "Ortisei - Sankt Ulrich in Groeden ITA"]
[Date "2016.06.08"]
[Round "6"]
[White "Nelson, Jonathan P"]
[Black "Singer, Christoph"]
[WhiteElo "2183"]
[BlackElo "2355"]
[Result "1-0"]
[PlyCount "61"]
[EventDate "2016.06.04"]

1. e4 e5 2. Nf3 Nc6 3. d4 exd4 4. Nxd4 Bb4+ 5. c3 Bc5 6. Be3 Bb6 7. Qg4 Qf6 8.
Qg3 Qg6 9. Qg4 Qf6 10. Qg3 Qg6 11. Nd2 Nf6 12. O-O-O O-O 13. Nxc6 bxc6 14. Qxg6
hxg6 15. Bxb6 axb6 16. Bc4 Ng4 17. Rdf1 Ne5 18. Be2 d5 19. a3 dxe4 20. Nxe4 Bf5
21. Ng3 Be6 22. f4 Nc4 23. f5 Bd5 24. Bxc4 Bxc4 25. Rf4 Bd5 26. Rg1 b5 27. Rg4
Rae8 28. Kd2 Re5 29. Re1 Rfe8 30. Rxe5 Rxe5 31. fxg6 1-0

[Event "III Festival A"]
[Site "Ortisei - Sankt Ulrich in Groeden ITA"]
[Date "2016.06.08"]
[Round "6"]
[White "Neverov, Valeriy"]
[Black "Blohberger, Felix"]
[WhiteElo "2507"]
[BlackElo "2300"]
[Result "1-0"]
[PlyCount "71"]
[EventDate "2016.06.04"]

1. c4 e6 2. d4 Nf6 3. Nc3 Bb4 4. Bg5 c5 5. d5 h6 6. Bh4 Bxc3+ 7. bxc3 d6 8. e3
e5 9. Bd3 Nbd7 10. Ne2 Qe7 11. Ng3 Nf8 12. Bxf6 Qxf6 13. O-O h5 14. f4 h4 15.
Ne4 Qh6 16. fxe5 dxe5 17. Qf3 f5 18. Nxc5 Qd6 19. Nb3 h3 20. g3 Qg6 21. Bxf5
Bxf5 22. Qxf5 Qxf5 23. Rxf5 Nd7 24. Raf1 b6 25. Rg5 Rh7 26. c5 bxc5 27. Rg6 Rb8
28. Re6+ Kd8 29. Rf7 c4 30. Rd6 cxb3 31. Rdxd7+ Kc8 32. Rc7+ Kd8 33. Rxa7 Ke8
34. axb3 Rxb3 35. d6 Rb1+ 36. Kf2 1-0

[Event "III Festival A"]
[Site "Ortisei - Sankt Ulrich in Groeden ITA"]
[Date "2016.06.08"]
[Round "6"]
[White "Pijpers, Arthur"]
[Black "Nabaty, Tamir"]
[WhiteElo "2471"]
[BlackElo "2610"]
[Result "1/2-1/2"]
[PlyCount "85"]
[EventDate "2016.06.04"]

1. e4 e5 2. Nf3 Nc6 3. Bb5 a6 4. Ba4 Nf6 5. O-O Bc5 6. c3 O-O 7. d4 Ba7 8. Bg5
h6 9. Bh4 exd4 10. Qc1 d6 11. Bxc6 bxc6 12. cxd4 g5 13. Nxg5 hxg5 14. Qxg5+ Kh7
15. Rd1 Rb8 16. Qxf6 Qxf6 17. Bxf6 Rxb2 18. Nc3 Rg8 19. Rd3 Rg6 20. Bd8 c5 21.
dxc5 Bxc5 22. Rf1 f5 23. Na4 fxe4 24. Rc3 Rxa2 25. Nxc5 dxc5 26. Bxc7 Rc6 27.
Be5 Rd2 28. Rc4 Bf5 29. Rfc1 Rd5 30. Bf4 a5 31. h3 Ra6 32. Rxc5 Rxc5 33. Rxc5
Be6 34. Bc1 a4 35. Ba3 Ba2 36. Rb5 Bb3 37. Rb4 Re6 38. Rb7+ Kg6 39. Re7 Rxe7
40. Bxe7 Kf5 41. Bc5 Ke5 42. g4 Bd5 43. Kf1 1/2-1/2

[Event "III Festival A"]
[Site "Ortisei - Sankt Ulrich in Groeden ITA"]
[Date "2016.06.08"]
[Round "6"]
[White "Prasanna, Raghuram Rao"]
[Black "Sgircea, Silvia-Raluca"]
[WhiteElo "2466"]
[BlackElo "2263"]
[Result "1-0"]
[PlyCount "69"]
[EventDate "2016.06.04"]

1. d4 d5 2. c4 dxc4 3. e4 Nc6 4. Nf3 Bg4 5. d5 Ne5 6. Bf4 Ng6 7. Be3 Nf6 8.
Bxc4 e5 9. Nc3 Bd6 10. Be2 a6 11. Nd2 Bd7 12. O-O O-O 13. a4 Qe7 14. a5 Nf4 15.
Bf3 g5 16. Nc4 Kh8 17. Re1 Rg8 18. Na4 Bb5 19. Nxd6 cxd6 20. Nb6 Rab8 21. Bxf4
gxf4 22. Rc1 Qd8 23. Qc2 Nd7 24. Qc7 Nc5 25. Rxc5 dxc5 26. Qxe5+ f6 27. Qxf4
Qe7 28. h3 Qe5 29. Qxe5 fxe5 30. Bg4 Rbd8 31. Rc1 Bd3 32. f3 Rg7 33. Rc3 Bb1
34. Be6 Rf8 35. Nd7 1-0

[Event "III Festival A"]
[Site "Ortisei - Sankt Ulrich in Groeden ITA"]
[Date "2016.06.08"]
[Round "6"]
[White "Ruecker, Benjamin"]
[Black "Kindermann, Stefan"]
[WhiteElo "2229"]
[BlackElo "2515"]
[Result "0-1"]
[PlyCount "50"]
[EventDate "2016.06.04"]

1. d4 f5 2. Nc3 Nf6 3. Bg5 d5 4. f3 Nc6 5. Qd2 e6 6. a3 Be7 7. Nh3 O-O 8. O-O-O
a6 9. Nf2 b5 10. e4 fxe4 11. fxe4 b4 12. axb4 Nxb4 13. h4 c5 14. Kb1 Qa5 15.
dxc5 d4 16. Qxd4 Bxc5 17. Qe5 Nc6 18. Qg3 Bxf2 19. Qxf2 Nxe4 20. Qe3 Nf2 21.
Bd3 Rb8 22. Be4 Ne5 23. Qd4 Rb4 24. Qd8 Rxd8 25. Rxd8+ Qxd8 0-1

[Event "III Festival A"]
[Site "Ortisei - Sankt Ulrich in Groeden ITA"]
[Date "2016.06.08"]
[Round "6"]
[White "Spornberger, Andre"]
[Black "Addison, Bret C"]
[WhiteElo "2307"]
[BlackElo "2180"]
[Result "0-1"]
[PlyCount "112"]
[EventDate "2016.06.04"]

1. e4 e5 2. Nf3 Nc6 3. Bc4 Bc5 4. c3 Nf6 5. d3 O-O 6. b4 Be7 7. O-O d5 8. exd5
Nxd5 9. b5 Na5 10. Bxd5 Qxd5 11. c4 Qd8 12. Bd2 b6 13. Nxe5 Bf6 14. Bxa5 bxa5
15. d4 Bxe5 16. dxe5 Be6 17. Na3 Qe7 18. Qb3 Qc5 19. Qc3 a6 20. Rac1 Rfd8 21.
h3 h5 22. Rfe1 g6 23. Re3 Qb4 24. bxa6 Rxa6 25. Nb5 Qxc3 26. Rexc3 Rc6 27. R1c2
Rd1+ 28. Kh2 Rc5 29. f4 h4 30. Na3 Kg7 31. Rb3 Rf1 32. g3 hxg3+ 33. Kxg3 g5 34.
fxg5 Rxe5 35. Kg2 Rf4 36. Rg3 Kg6 37. c5 Bd5+ 38. Kh2 Rf1 39. Rg1 Rxg1 40. Kxg1
Kxg5 41. Nc4 Re1+ 42. Kf2 Rh1 43. Ke3 Bxc4 44. Rxc4 Rxh3+ 45. Kd2 Rh2+ 46. Kc3
Rh4 47. c6 Rxc4+ 48. Kxc4 f5 49. Kb5 f4 50. Kxa5 f3 51. Ka6 f2 52. Kb7 f1=Q 53.
Kxc7 Kf6 54. a4 Ke7 55. Kb7 Kd6 56. c7 Qb1+ 0-1

[Event "III Festival A"]
[Site "Ortisei - Sankt Ulrich in Groeden ITA"]
[Date "2016.06.08"]
[Round "6"]
[White "Vocaturo, Daniele"]
[Black "Corvi, Marco"]
[WhiteElo "2576"]
[BlackElo "2305"]
[Result "1-0"]
[PlyCount "71"]
[EventDate "2016.06.04"]

1. d4 f5 2. Bg5 g6 3. Nc3 Bg7 4. h4 d6 5. e4 fxe4 6. Nxe4 d5 7. Ng3 c5 8. Nf3
Nc6 9. h5 Bg4 10. hxg6 h6 11. Bd2 Qb6 12. Be2 cxd4 13. O-O Nf6 14. Nh4 h5 15.
Bxg4 hxg4 16. Nhf5 Rg8 17. Qe2 O-O-O 18. b4 Kb8 19. b5 Na5 20. Qxe7 Rde8 21.
Qd6+ Qxd6 22. Nxd6 Re6 23. Rae1 Rxd6 24. Bf4 Nc4 25. Re6 Ne8 26. Rfe1 Be5 27.
R1xe5 Nxe5 28. Bxe5 Kc7 29. Nf5 Kd7 30. Re7+ Kd8 31. Rxe8+ Kxe8 32. Nxd6+ Kd7
33. Nxb7 Rxg6 34. Bxd4 Kc7 35. Na5 g3 36. Bxa7 1-0

[Event "III Festival A"]
[Site "Ortisei - Sankt Ulrich in Groeden ITA"]
[Date "2016.06.08"]
[Round "6"]
[White "Volkov, Dmitriy"]
[Black "Paulet, Iozefina"]
[WhiteElo "2338"]
[BlackElo "2187"]
[Result "0-1"]
[PlyCount "44"]
[EventDate "2016.06.04"]

1. e4 e6 2. d4 d5 3. e5 c5 4. c3 Nc6 5. Nf3 Qb6 6. a3 Nh6 7. b4 cxd4 8. Bxh6
gxh6 9. cxd4 Bd7 10. Ra2 Rg8 11. h3 Rc8 12. Rc2 Bxb4+ 13. axb4 Qxb4+ 14. Nbd2
Ke7 15. Qc1 Na5 16. Qb2 Qxb2 17. Rxb2 Rc1+ 18. Ke2 a6 19. g4 Bb5+ 20. Ke3 Bxf1
21. Rxf1 Rxf1 22. Ra2 Nc4+ 0-1

[Event "III Festival A"]
[Site "Ortisei - Sankt Ulrich in Groeden ITA"]
[Date "2016.06.08"]
[Round "6"]
[White "Werle, Jan"]
[Black "Nisipeanu, Liviu-Dieter"]
[WhiteElo "2563"]
[BlackElo "2668"]
[Result "1/2-1/2"]
[PlyCount "42"]
[EventDate "2016.06.04"]

1. d4 Nf6 2. c4 e6 3. Nc3 Bb4 4. e3 O-O 5. Nge2 c6 6. a3 Ba5 7. b4 Bc7 8. Ng3
d5 9. Bb2 Nbd7 10. Be2 dxc4 11. Bxc4 e5 12. Be2 exd4 13. Qxd4 Ne5 14. Nce4 Nxe4
15. Qxe4 f5 16. Qd4 Be6 17. O-O Qxd4 18. Bxd4 Nc4 19. Rfd1 g6 20. a4 a5 21.
Rac1 b5 1/2-1/2

[Event "III Festival A"]
[Site "Ortisei - Sankt Ulrich in Groeden ITA"]
[Date "2016.06.09"]
[Round "7"]
[White "Addison, Bret C"]
[Black "Lodici, Lorenzo"]
[WhiteElo "2180"]
[BlackElo "2379"]
[Result "1/2-1/2"]
[PlyCount "86"]
[EventDate "2016.06.04"]

1. e4 c5 2. c3 d5 3. exd5 Qxd5 4. Nf3 Nc6 5. d4 Bf5 6. Be3 Nf6 7. Nbd2 cxd4 8.
Nxd4 Ng4 9. Qb3 Qxb3 10. axb3 Nxe3 11. fxe3 Nxd4 12. exd4 Bd7 13. b4 e6 14. Nc4
a6 15. Nb6 Rb8 16. Nxd7 Kxd7 17. b5 Bd6 18. Be2 axb5 19. Bxb5+ Kc7 20. O-O f6
21. g3 h5 22. Kg2 h4 23. Rae1 Rh5 24. Bc4 Rg5 25. Bxe6 hxg3 26. h3 Rh5 27. Rf5
Rhh8 28. Rb5 Rhe8 29. c4 b6 30. Re2 g6 31. b4 Bf4 32. d5 Be5 33. c5 bxc5 34.
Rxb8 Rxb8 35. bxc5 Rb2 36. Rxb2 Bxb2 37. Kxg3 Ba3 38. c6 g5 39. Kg4 Kd6 40. Kf5
Bb2 41. Kg6 Be5 42. Kf7 Bd4 43. Kg6 Be5 1/2-1/2

[Event "III Festival A"]
[Site "Ortisei - Sankt Ulrich in Groeden ITA"]
[Date "2016.06.09"]
[Round "7"]
[White "Bertagnolli, Alexander"]
[Black "Cunningham, Robin"]
[WhiteElo "2376"]
[BlackElo "2248"]
[Result "1/2-1/2"]
[PlyCount "69"]
[EventDate "2016.06.04"]

1. e4 c6 2. d4 d5 3. f3 Qb6 4. Nc3 dxe4 5. Nxe4 Nf6 6. Nxf6+ gxf6 7. c3 Bf5 8.
Bc4 e6 9. Ne2 Bd6 10. Ng3 Bg6 11. Qe2 Qc7 12. Ne4 Nd7 13. Nxd6+ Qxd6 14. Bh6
O-O-O 15. O-O-O Nb6 16. h4 Nxc4 17. Qxc4 Qg3 18. Rd2 Bf5 19. Qa4 a6 20. d5 Rxd5
21. Bf4 Qg8 22. Rxd5 cxd5 23. g4 e5 24. gxf5 Qg2 25. Rd1 exf4 26. Qxf4 Re8 27.
Rxd5 Re1+ 28. Rd1 Rxd1+ 29. Kxd1 Qxb2 30. Qc4+ Kb8 31. Qc5 Qb1+ 32. Ke2 Qxa2+
33. Kf1 Qb1+ 34. Kg2 Qd3 35. Qf8+ 1/2-1/2

[Event "III Festival A"]
[Site "Ortisei - Sankt Ulrich in Groeden ITA"]
[Date "2016.06.09"]
[Round "7"]
[White "Codenotti, Marco"]
[Black "Nelson, Jonathan P"]
[WhiteElo "2451"]
[BlackElo "2183"]
[Result "1-0"]
[PlyCount "57"]
[EventDate "2016.06.04"]

1. e4 e6 2. d4 d5 3. Nd2 Nf6 4. e5 Nfd7 5. Bd3 c5 6. c3 Nc6 7. Ne2 Qb6 8. Nf3
cxd4 9. cxd4 f6 10. exf6 Nxf6 11. O-O Bd6 12. Bf4 Bxf4 13. Nxf4 O-O 14. Re1 Nb4
15. Bb1 Bd7 16. Ng5 Rae8 17. a3 Nc6 18. Qd3 Ne4 19. Nxe4 Rxf4 20. Nc5 g6 21.
Nxd7 Qc7 22. Qg3 Re7 23. Ne5 Rxd4 24. Bxg6 hxg6 25. Qxg6+ Rg7 26. Qxe6+ Kh7 27.
Qf5+ Kg8 28. Ng4 Ne7 29. Nf6+ 1-0

[Event "III Festival A"]
[Site "Ortisei - Sankt Ulrich in Groeden ITA"]
[Date "2016.06.09"]
[Round "7"]
[White "Corvi, Marco"]
[Black "Ruecker, Benjamin"]
[WhiteElo "2305"]
[BlackElo "2229"]
[Result "1/2-1/2"]
[PlyCount "85"]
[EventDate "2016.06.04"]

1. c4 c6 2. Nf3 d5 3. e3 Nf6 4. Nc3 Bg4 5. Qb3 Qb6 6. Qxb6 axb6 7. cxd5 Bxf3 8.
gxf3 Nxd5 9. Nxd5 cxd5 10. b3 f6 11. Bb2 Nc6 12. f4 e6 13. Bg2 Ba3 14. Bc3 b5
15. Rb1 Bb4 16. Bxb4 Nxb4 17. a4 Kd7 18. Bf1 Nc2+ 19. Kd1 Na3 20. Ra1 b4 21.
Bd3 f5 22. Ke2 Rhc8 23. Rhc1 Rc6 24. f3 Rac8 25. Kd1 Kd6 26. h4 Ke7 27. e4 g6
28. Rxc6 bxc6 29. Ba6 Rc7 30. exd5 exd5 31. d4 Ra7 32. Bd3 Nb5 33. Bxb5 cxb5
34. a5 h5 35. a6 Kd7 36. Kc2 Kc7 37. Kb2 Kd7 38. Rc1 Rxa6 39. Rc5 Rb6 40. Kc2
Rc6 41. Kd3 Rxc5 42. dxc5 Kc7 43. Ke3 1/2-1/2

[Event "III Festival A"]
[Site "Ortisei - Sankt Ulrich in Groeden ITA"]
[Date "2016.06.09"]
[Round "7"]
[White "Dittmar, Peter"]
[Black "Prasanna, Raghuram Rao"]
[WhiteElo "2258"]
[BlackElo "2466"]
[Result "0-1"]
[PlyCount "82"]
[EventDate "2016.06.04"]

1. d4 Nf6 2. c4 e6 3. Nc3 Bb4 4. e3 O-O 5. Nge2 d5 6. a3 Be7 7. cxd5 exd5 8. g3
a5 9. Bg2 Na6 10. O-O c6 11. Qc2 Re8 12. Bd2 Bf8 13. Rad1 b5 14. Bc1 Bb7 15.
Nf4 Rc8 16. Nd3 Qb6 17. Qb1 b4 18. axb4 Nxb4 19. Na4 Qb5 20. Ndc5 Rc7 21. Rfe1
Bc8 22. Bd2 g6 23. Bf1 Qb8 24. Bxb4 axb4 25. Qc2 Ra7 26. b3 Nd7 27. Nxd7 Bxd7
28. Nc5 Bxc5 29. Qxc5 Ra3 30. Ra1 Qa8 31. Rxa3 Qxa3 32. Qd6 Be6 33. Qxc6 Rc8
34. Qa4 Qxa4 35. bxa4 Bf5 36. g4 Bc2 37. Bg2 b3 38. Bxd5 b2 39. Ba2 Bd3 40. f3
Rc1 41. Kf2 Ra1 0-1

[Event "III Festival A"]
[Site "Ortisei - Sankt Ulrich in Groeden ITA"]
[Date "2016.06.09"]
[Round "7"]
[White "Engl, Stefan"]
[Black "Ledger, Andrew J"]
[WhiteElo "1964"]
[BlackElo "2380"]
[Result "0-1"]
[PlyCount "102"]
[EventDate "2016.06.04"]

1. e4 e6 2. d4 d5 3. Nd2 dxe4 4. Nxe4 Bd7 5. Bd3 Bc6 6. Nf3 Nd7 7. Qe2 Ngf6 8.
Neg5 Bxf3 9. Nxf3 Be7 10. O-O O-O 11. b3 Re8 12. Bb2 c6 13. c4 Qa5 14. Ne5 Ba3
15. Bxa3 Qxa3 16. g4 g6 17. Kg2 Rad8 18. Rad1 Qe7 19. Bb1 c5 20. Nxd7 Nxd7 21.
d5 Qh4 22. dxe6 Rxe6 23. Qf3 Ree8 24. Qg3 Qf6 25. Rd6 Qe7 26. Rfd1 Nf8 27. Rxd8
Rxd8 28. Rxd8 Qxd8 29. Be4 b6 30. Bd5 g5 31. h4 gxh4 32. Qf4 Qe7 33. Qe4 Qf6
34. Qf5 Kg7 35. Kh3 Ng6 36. Qxf6+ Kxf6 37. g5+ Kxg5 38. Bxf7 Nf4+ 39. Kh2 Kg4
40. Bg8 h6 41. Kg1 Kf3 42. Bd5+ Ke2 43. a3 a5 44. Be4 Nh3+ 45. Kh2 Nxf2 46. Bf5
Kd2 47. Kg2 Nd3 48. Kh3 Nc1 49. Kxh4 Nxb3 50. Kh5 Kc3 51. Be6 Nd2 0-1

[Event "III Festival A"]
[Site "Ortisei - Sankt Ulrich in Groeden ITA"]
[Date "2016.06.09"]
[Round "7"]
[White "Enkhtuul, Altan-Ulzii"]
[Black "Bjerre, Jonas"]
[WhiteElo "2258"]
[BlackElo "2410"]
[Result "1/2-1/2"]
[PlyCount "82"]
[EventDate "2016.06.04"]

1. d4 Nf6 2. Nf3 c5 3. d5 e6 4. dxe6 fxe6 5. g3 d5 6. Bg2 Nc6 7. O-O Bd6 8. c4
O-O 9. cxd5 exd5 10. Bg5 d4 11. Nbd2 h6 12. Bxf6 Qxf6 13. Ne4 Qe7 14. Nxd6 Qxd6
15. Nd2 b6 16. Nc4 Qf6 17. Rc1 Bb7 18. a3 b5 19. Qb3 bxc4 20. Qxb7 Ne5 21. f4
Ng4 22. Qd7 Ne3 23. Bxa8 Rxa8 24. Qb7 Qf8 25. f5 Rb8 26. Qc6 Rb6 27. Qe4 Qf6
28. Rf3 Rxb2 29. Rxe3 dxe3 30. Qxe3 Qxf5 31. Rxc4 Rb1+ 32. Rc1 c4 33. Rxb1
Qxb1+ 34. Kg2 Qb7+ 35. Qf3 Qc8 36. Qc3 Qe6 37. Qf3 Qe5 38. Qg4 c3 39. Qc4+ Kh8
40. Kf3 Qh5+ 41. Kg2 Qe5 1/2-1/2

[Event "III Festival A"]
[Site "Ortisei - Sankt Ulrich in Groeden ITA"]
[Date "2016.06.09"]
[Round "7"]
[White "Gaehwiler, Gabriel"]
[Black "Neverov, Valeriy"]
[WhiteElo "2363"]
[BlackElo "2507"]
[Result "1/2-1/2"]
[PlyCount "57"]
[EventDate "2016.06.04"]

1. e4 c5 2. Nf3 d6 3. d4 cxd4 4. Nxd4 Nf6 5. Nc3 Nc6 6. Bg5 e6 7. Qd2 a6 8.
O-O-O Bd7 9. f4 b5 10. Qe1 Nxd4 11. Rxd4 Qb6 12. Qd2 Bc6 13. a3 a5 14. e5 dxe5
15. fxe5 Bc5 16. Rd6 Bxd6 17. Qxd6 Rd8 18. Qxc6+ Qxc6 19. Bxb5 Qxb5 20. Nxb5 h6
21. Bh4 g5 22. Be1 Ng4 23. Bxa5 Rd7 24. Nd6+ Ke7 25. Bb4 Kd8 26. Ba5+ Ke7 27.
Bb4 Kd8 28. Ba5+ Ke7 29. Bb4 1/2-1/2